00265nam a22000737a 4500100002400000245011000024260004600134300001100180 aKarannagoda, A.A.H. aVariation of Vitamini C,phoenolic content and antioxidant Activity of Micromelum Minutum fruit with time/ aColombo:bInstitute of Chemistrty,c2016. ax,30p;